000 00373nam a2200157 4500
008 190329s2004||||xo d
100 1 _aMestecký Peter
_91020
245 1 0 _aOutlook 2003
250 _a1.vydanie
260 _bComputer Press
_aBratislava
_c2004
300 _a378 s.
020 _a80-89190-03-0
_c0
041 1 _aslo
044 _axo
_cSK
958 _aAPR
999 _c22291
_d22291